Příběhy čtvrtí. Vinohrady /
Objevte zajímavá zákoutí a atmosféru moderní pražské čtvrti.
Uloženo v:
| Hlavní autor: | |
|---|---|
| Médium: | E-kniha |
| Jazyk: | Czech |
| Vydáno: |
V Brně :
CPress,
2023
|
| Vydání: | 1. vydání |
| Témata: | |
| Tagy: |
Žádné tagy |
| LEADER | 03561nam a2200757 i 4500 | ||
|---|---|---|---|
| 001 | 312107 | ||
| 003 | CZ PrSKC | ||
| 005 | 20260601215717.0 | ||
| 007 | ta | ||
| 008 | 230927s2023 xr ac e 000 0dcze | ||
| 015 | |a cnb003549928 | ||
| 020 | |a 9788026448815 |q (brožováno) : |c Kč 449,00 | ||
| 035 | |a (OCoLC)1412782002 | ||
| 040 | |a OLA001 |b cze |e rda | ||
| 043 | |a e-xr--- |b e-xr-pg |2 czenas | ||
| 072 | 7 | |a 913(437) |x Geografie Česka a Slovenska, reálie, cestování |2 Konspekt | |
| 080 | |a 711.5 |2 MRF | ||
| 080 | |a 72 |2 MRF | ||
| 080 | |a 316.72/.75-027.22 |2 MRF | ||
| 080 | |a 27-4 |2 MRF | ||
| 080 | |a 725.21 |2 MRF | ||
| 080 | |a 640.43/.46 |2 MRF | ||
| 080 | |a 929-058.1 |2 MRF | ||
| 080 | |a 913(437.311) |2 MRF | ||
| 080 | |a (437.311) |2 MRF | ||
| 080 | |a (048.8) |2 MRF | ||
| 080 | |a (047.53) |2 MRF | ||
| 100 | 1 | |a Fundová, Johana, |d 1989- |7 xx0242047 |4 aut | |
| 245 | 1 | 0 | |a Příběhy čtvrtí. |p Vinohrady / |c Johana Fundová |
| 246 | 1 | |i Název v tiráži: |a Příběhy čtvrtí: Vinohrady | |
| 246 | 3 | 0 | |a Vinohrady |
| 250 | |a 1. vydání | ||
| 264 | 1 | |a V Brně : |b CPress, |c 2023 | |
| 300 | |a 215 stran : |b ilustrace (převážně barevné), portréty ; |c 21 cm | ||
| 336 | |a text |b txt |2 rdacontent | ||
| 336 | |a statický obraz |b sti |2 rdacontent | ||
| 337 | |a bez média |b n |2 rdamedia | ||
| 338 | |a svazek |b nc |2 rdacarrier | ||
| 504 | |a Obsahuje bibliografické odkazy | ||
| 520 | 2 | |a Objevte zajímavá zákoutí a atmosféru moderní pražské čtvrti. |b Vznešené a energické, rezidenční i poklidné. Takové jsou pražské Vinohrady, jejichž ulice lemují honosné činžovní domy, prvorepublikové vily a nespočet kaváren či restaurací. Podlehněte kouzlu jedné z nejznámějších čtvrtí hlavního města! V této moderní publikaci najdete tipy na pozoruhodná místa, která pulzují životem a naprosto vás okouzlí. Jedinečný charakter Vinohrad poznáte i prostřednictvím třinácti rozhovorů s jejich zajímavými obyvateli. Nakladatelská anotace. | |
| 650 | 0 | 7 | |a městské obvody |7 ph381217 |z Česko |2 czenas |
| 650 | 0 | 7 | |a architektura |7 ph118586 |z Česko |2 czenas |
| 650 | 0 | 7 | |a kulturní život |7 ph122030 |z Česko |2 czenas |
| 650 | 0 | 7 | |a náboženský život |7 ph123387 |z Česko |2 czenas |
| 650 | 0 | 7 | |a obchody |7 ph135200 |z Česko |2 czenas |
| 650 | 0 | 7 | |a pohostinská zařízení |7 ph115775 |z Česko |2 czenas |
| 650 | 0 | 7 | |a osobnosti |7 ph115615 |z Česko |2 czenas |
| 650 | 0 | 9 | |a city districts |z Czechia |2 eczenas |
| 650 | 0 | 9 | |a architecture |z Czechia |2 eczenas |
| 650 | 0 | 9 | |a cultural life |z Czechia |2 eczenas |
| 650 | 0 | 9 | |a religious life |z Czechia |2 eczenas |
| 650 | 0 | 9 | |a retail stores |z Czechia |2 eczenas |
| 650 | 0 | 9 | |a catering facilities |z Czechia |2 eczenas |
| 650 | 0 | 9 | |a celebrities |z Czechia |2 eczenas |
| 651 | 7 | |a Vinohrady (Praha, Česko) |7 ge131303 |x reálie |2 czenas | |
| 651 | 9 | |a Vinohrady (Prague, Czechia) |x description and travel |2 eczenas | |
| 655 | 7 | |a přehledy |7 fd133202 |2 czenas | |
| 655 | 7 | |a rozhovory |7 fd133303 |2 czenas | |
| 655 | 9 | |a surveys |2 eczenas | |
| 655 | 9 | |a interviews |2 eczenas | |
| 900 | |a ABA001 |b 21 | ||
| 928 | 9 | |a Albatros Media - CPress | |
| 044 | |a xr | ||
| 910 | |a RBIT002 | ||
| 998 | |d 387457 |a https://core.palmknihy.cz/api/books/387457/cover?si66a0 |b https://core.palmknihy.cz/api/books/387457/cover/400?si66a0 |c https://core.palmknihy.cz/api/books/387457/cover/50?si66a0 |e 2033-12-31 |g 216 |i 9788026448815 |j https://core.palmknihy.cz/api/books/387457/preview.epub |k https://core.palmknihy.cz/api/books/387457/preview.pdf |l |q 49 |r 1 |s https://www.palmknihy.cz/kniha/387457 |t ebook |y 2023 |z 0 | ||
| 999 | |d 312105 | ||